00490 a2200169 450000100060000002000180000604000220002410000210004624000390006724500340010630000090014036200090014965000260015894200070018495201120019199900170030364104 a9788508162017 cAnchieta - Pituba aAzevedo, Ricardo10aFragosas brenhas do mataréulpor10aFragosas brenhas do mataréu a255p0 a2013 4aFicção brasileira cBK 00104070a91.1b91.1d2023-11-21l0o869.93 A994f AZE FRAp17726/PITr2023-11-21 18:32:31w2023-11-21yBK c64104d64104